[Event "ODJM C 2023"]
[Site "Willingen GER"]
[Date "2023.05.30"]
[Round "4"]
[White "Beier, Martin"]
[Black "Bücker, Phil"]
[Result "1-0"]
[Termination "normal"]
[Board "12"]
[WhiteElo "1346"]
[BlackElo "1325"]
[WhiteClock "00:55:59"]
[BlackClock "00:05:23"]
[PlyCount "91"]
[WhiteFideId "34631879"]
[BlackFideId "34623841"]
[EventCountry "GER"]
[EventRounds "9"]
[EventType "swiss"]
[EventDate "2023.05.27"]

1. e4 {[%clk 01:30:59]} {[%emt 00:27:16]} c5 {[%clk 01:30:53]} {[%emt
00:00:07]} 2. Nf3 {[%clk 01:31:19]} {[%emt 00:00:10]} e6 {[%clk 01:31:08]}
{[%emt 00:00:15]} 3. c3 {[%clk 01:30:42]} {[%emt 00:01:07]} Nc6 {[%clk
01:29:22]} {[%emt 00:02:17]} 4. Bb5 {[%clk 01:30:43]} {[%emt 00:00:28]} Qc7
{[%clk 01:25:16]} {[%emt 00:04:35]} 5. d4 {[%clk 01:28:21]} {[%emt 00:02:52]}
cxd4 {[%clk 01:23:37]} {[%emt 00:02:10]} 6. cxd4 {[%clk 01:27:09]} {[%emt
00:01:42]} Qa5+ {[%clk 01:22:27]} {[%emt 00:01:40]} 7. Nc3 {[%clk 01:25:32]}
{[%emt 00:02:05]} Bb4 {[%clk 01:21:10]} {[%emt 00:01:48]} 8. O-O {[%clk
01:24:02]} {[%emt 00:01:59]} Bxc3 {[%clk 01:19:48]} {[%emt 00:01:52]} 9. Bxc6
{[%clk 01:23:55]} {[%emt 00:00:38]} bxc6 {[%clk 01:19:58]} {[%emt 00:00:21]}
10. bxc3 {[%clk 01:23:34]} {[%emt 00:00:50]} Qxc3 {[%clk 01:20:23]} {[%emt
00:00:06]} 11. Rb1 {[%clk 01:22:44]} {[%emt 00:01:18]} Qc4 {[%clk 01:16:47]}
{[%emt 00:04:08]} 12. Ne5 {[%emt 00:02:49]} Qxa2 {[%clk 01:15:05]} {[%emt
00:02:09]} 13. Bb2 {[%clk 01:19:28]} {[%emt 00:01:29]} Qa5 {[%clk 01:12:58]}
{[%emt 00:02:37]} 14. d5 {[%clk 01:19:08]} {[%emt 00:00:50]} cxd5 {[%clk
01:10:31]} {[%emt 00:02:57]} 15. Nxd7 {[%clk 01:17:00]} {[%emt 00:02:36]} f6
{[%clk 01:03:32]} {[%emt 00:07:31]} 16. exd5 {[%clk 01:15:16]} {[%emt
00:02:13]} Bxd7 {[%clk 00:59:14]} {[%emt 00:04:49]} 17. dxe6 {[%clk 01:14:46]}
{[%emt 00:00:59]} Bxe6 {[%clk 00:57:35]} {[%emt 00:02:10]} 18. Re1 {[%clk
01:14:11]} {[%emt 00:01:03]} Kf7 {[%clk 00:56:04]} {[%emt 00:02:03]} 19. Qd6
{[%clk 01:07:37]} {[%emt 00:07:03]} Qd5 {[%clk 00:50:50]} {[%emt 00:05:45]} 20.
Qc7+ {[%clk 01:06:25]} {[%emt 00:01:41]} Qd7 {[%clk 00:48:52]} {[%emt
00:02:29]} 21. Qc5 {[%clk 01:05:56]} {[%emt 00:00:58]} Rc8 {[%clk 00:38:20]}
{[%emt 00:11:03]} 22. Qe3 {[%clk 01:05:45]} {[%emt 00:00:41]} Rb8 {[%clk
00:35:05]} {[%emt 00:03:45]} 23. Rbd1 {[%clk 01:04:43]} {[%emt 00:01:31]} Qc6
{[%clk 00:33:15]} {[%emt 00:02:21]} 24. Rc1 {[%clk 01:04:07]} {[%emt 00:01:03]}
Qb6 {[%clk 00:30:25]} {[%emt 00:03:23]} 25. Bd4 {[%clk 01:02:52]} {[%emt
00:01:45]} Qb3 {[%clk 00:27:23]} {[%emt 00:03:32]} 26. Rc3 {[%clk 01:02:05]}
{[%emt 00:01:07]} Qa2 {[%clk 00:25:33]} {[%emt 00:02:30]} 27. Rc6 {[%clk
01:00:12]} {[%emt 00:02:10]} Re8 {[%clk 00:20:02]} {[%emt 00:06:15]} 28. Ra1
{[%clk 00:59:47]} {[%emt 00:00:37]} Qb3 {[%clk 00:16:18]} {[%emt 00:04:30]} 29.
Rc3 {[%clk 00:58:38]} {[%emt 00:01:35]} Bd5 {[%clk 00:12:43]} {[%emt 00:04:10]}
30. Rxa7+ {[%clk 00:58:09]} {[%emt 00:00:58]} Qb7 {[%clk 00:05:32]} {[%emt
00:07:42]} 31. Rxb7+ {[%clk 00:57:23]} {[%emt 00:01:16]} Bxb7 {[%clk 00:05:56]}
{[%emt 00:00:07]} 32. Rc7+ {[%clk 00:57:40]} {[%emt 00:00:11]} Re7 {[%clk
00:05:53]} {[%emt 00:00:35]} 33. Qb3+ {[%clk 00:54:06]} {[%emt 00:04:00]} Kg6
{[%clk 00:04:59]} {[%emt 00:01:27]} 34. Rxe7 {[%clk 00:54:13]} {[%emt
00:00:23]} Nxe7 {[%clk 00:04:38]} {[%emt 00:00:51]} 35. Qxb7 {[%clk 00:54:35]}
{[%emt 00:00:07]} Re8 {[%clk 00:04:31]} {[%emt 00:00:38]} 36. Qd7 {[%clk
00:54:19]} {[%emt 00:00:47]} Kf7 {[%clk 00:04:32]} {[%emt 00:00:28]} 37. Bc5
{[%clk 00:54:40]} {[%emt 00:00:09]} g6 {[%clk 00:04:40]} {[%emt 00:00:22]} 38.
g3 {[%clk 00:55:03]} {[%emt 00:00:07]} h5 {[%clk 00:05:02]} {[%emt 00:00:09]}
39. Kg2 {[%clk 00:55:27]} {[%emt 00:00:05]} Kf8 {[%clk 00:05:21]} {[%emt
00:00:12]} 40. Qe6 {[%clk 00:55:22]} {[%emt 00:00:31]} Kg7 {[%clk 00:05:10]}
{[%emt 00:00:44]} 41. Bxe7 {[%clk 00:55:40]} {[%emt 00:00:12]} Kh6 {[%clk
00:05:15]} {[%emt 00:00:25]} 42. h4 {[%clk 00:55:30]} {[%emt 00:00:39]} Kg7
{[%clk 00:05:07]} {[%emt 00:00:38]} 43. Qxf6+ {[%clk 00:55:49]} {[%emt
00:00:10]} Kh7 {[%clk 00:04:59]} {[%emt 00:00:40]} 44. Bf8 {[%clk 00:55:46]}
{[%emt 00:00:33]} Re7 {[%clk 00:04:57]} {[%emt 00:00:33]} 45. Qxe7+ {[%clk
00:55:59]} {[%emt 00:00:16]} Kg8 {[%clk 00:05:23]} {[%emt 00:00:04]} 46. Qg7#
{[%emt 00:00:24]} 1-0

[Event "ODJM C 2023"]
[Site "Willingen GER"]
[Date "2023.05.30"]
[Round "4"]
[White "Wilke, Ronja"]
[Black "Meyer, Henry Paul"]
[Result "1-0"]
[Termination "normal"]
[Board "13"]
[WhiteElo "1145"]
[BlackElo "1337"]
[WhiteClock "00:30:46"]
[BlackClock "00:00:42"]
[PlyCount "57"]
[WhiteFideId "16288378"]
[BlackFideId "34645802"]
[EventCountry "GER"]
[EventRounds "9"]
[EventType "swiss"]
[EventDate "2023.05.27"]

1. e4 {[%clk 01:30:58]} {[%emt 00:00:01]} c5 {[%clk 01:30:55]} {[%emt
00:00:05]} 2. Nf3 {[%clk 01:31:22]} {[%emt 00:00:06]} d6 {[%clk 01:31:21]}
{[%emt 00:00:05]} 3. c3 {[%clk 01:30:31]} {[%emt 00:01:21]} Nf6 {[%clk
01:29:44]} {[%emt 00:02:06]} 4. Be2 {[%clk 01:25:10]} {[%emt 00:05:50]} Bd7
{[%clk 01:27:12]} {[%emt 00:03:02]} 5. d3 {[%clk 01:20:48]} {[%emt 00:04:52]}
Nc6 {[%clk 01:25:44]} {[%emt 00:01:59]} 6. O-O {[%clk 01:15:40]} {[%emt
00:05:38]} g6 {[%clk 01:21:26]} {[%emt 00:04:47]} 7. Bg5 {[%clk 01:10:08]}
{[%emt 00:06:02]} Bg7 {[%clk 01:20:39]} {[%emt 00:01:17]} 8. Nbd2 {[%clk
01:09:18]} {[%emt 00:01:20]} O-O {[%clk 01:19:47]} {[%emt 00:01:22]} 9. Re1
{[%clk 01:07:41]} {[%emt 00:02:06]} b5 {[%clk 01:11:31]} {[%emt 00:08:46]} 10.
d4 {[%clk 01:04:24]} {[%emt 00:03:47]} Qb6 {[%clk 01:06:21]} {[%emt 00:05:40]}
11. e5 {[%clk 01:00:45]} {[%emt 00:04:10]} dxe5 {[%clk 01:03:36]} {[%emt
00:03:15]} 12. dxe5 {[%clk 00:59:06]} {[%emt 00:02:08]} Ng4 {[%clk 00:57:42]}
{[%emt 00:06:25]} 13. Bf1 {[%clk 00:54:40]} {[%emt 00:04:55]} Rfe8 {[%clk
00:43:33]} {[%emt 00:14:40]} 14. Bf4 {[%clk 00:48:52]} {[%emt 00:06:18]} Rad8
{[%clk 00:40:40]} {[%emt 00:03:22]} 15. h3 {[%clk 00:46:31]} {[%emt 00:02:52]}
Nh6 {[%clk 00:39:50]} {[%emt 00:01:20]} 16. Qe2 {[%clk 00:43:59]} {[%emt
00:03:01]} a6 {[%clk 00:36:35]} {[%emt 00:03:46]} 17. Ne4 {[%clk 00:42:11]}
{[%emt 00:02:18]} Be6 {[%clk 00:30:18]} {[%emt 00:06:45]} 18. Qe3 {[%clk
00:40:46]} {[%emt 00:01:57]} Nf5 {[%clk 00:22:16]} {[%emt 00:08:32]} 19. Qxc5
{[%clk 00:38:51]} {[%emt 00:02:25]} Qb7 {[%clk 00:22:24]} {[%emt 00:00:22]} 20.
Ned2 {[%clk 00:35:26]} {[%emt 00:03:55]} Na5 {[%clk 00:10:50]} {[%emt
00:12:04]} 21. Be3 {[%clk 00:34:33]} {[%emt 00:01:21]} Nxe3 {[%clk 00:10:21]}
{[%emt 00:01:00]} 22. Qxe3 {[%clk 00:34:43]} {[%emt 00:00:20]} Rd7 {[%clk
00:05:38]} {[%emt 00:05:12]} 23. Ne4 {[%clk 00:33:58]} {[%emt 00:01:16]} Rd5
{[%clk 00:03:23]} {[%emt 00:02:45]} 24. Nc5 {[%clk 00:31:46]} {[%emt 00:02:42]}
Qb6 {[%clk 00:02:11]} {[%emt 00:01:42]} 25. Nxe6 {[%clk 00:31:22]} {[%emt
00:00:54]} Qxe6 {[%clk 00:02:41]} {[%emt 00:00:01]} 26. b3 {[%clk 00:30:57]}
{[%emt 00:00:55]} Rc8 {[%clk 00:01:16]} {[%emt 00:01:54]} 27. Rac1 {[%clk
00:31:06]} {[%emt 00:00:22]} Rd7 {[%clk 00:00:56]} {[%emt 00:00:48]} 28. Ng5
{[%clk 00:30:44]} {[%emt 00:00:53]} Qd5 {[%clk 00:00:42]} {[%emt 00:00:45]} 29.
e6 {[%clk 00:30:46]} {[%emt 00:00:28]} 1-0

[Event "ODJM C 2023"]
[Site "Willingen GER"]
[Date "2023.05.30"]
[Round "4"]
[White "Weinberger, Maxim"]
[Black "Haunhorst, Elisa"]
[Result "1-0"]
[Termination "normal"]
[Board "14"]
[WhiteElo "1310"]
[BlackElo "1119"]
[WhiteClock "01:26:40"]
[BlackClock "00:22:24"]
[PlyCount "85"]
[WhiteFideId "16290330"]
[BlackFideId "34640959"]
[EventCountry "GER"]
[EventRounds "9"]
[EventType "swiss"]
[EventDate "2023.05.27"]

1. e4 c5 {[%emt 0:00:11]} 2. c3 {[%emt 0:00:10]} e6 {[%emt 0:00:07]} 3. Nf3
{[%emt 0:01:00]} Nc6 {[%emt 0:07:24]} 4. d4 {[%emt 0:00:26]} d5 {[%emt
0:05:26]} 5. e5 {[%emt 0:03:29]} cxd4 {[%emt 0:02:17]} 6. cxd4 {[%emt 0:01:14]}
Nge7 {[%emt 0:02:24]} 7. Bd3 {[%emt 0:04:10]} Qb6 {[%emt 0:02:56]} 8. O-O
{[%emt 0:01:14]} Nxd4 {[%emt 0:06:35]} 9. Nxd4 {[%emt 0:00:49]} Bd7 {[%emt
0:09:58]} 10. Be3 {[%emt 0:01:09]} Qxb2 {[%emt 0:04:01]} 11. Nd2 {[%emt
0:00:52]} Qc3 {[%emt 0:08:33]} 12. Bb5 {[%emt 0:01:09]} Bxb5 {[%emt 0:04:32]}
13. Nxb5 {[%emt 0:00:10]} Qxe5 {[%emt 0:01:43]} 14. Bxa7 {[%emt 0:00:16]} Nc6
{[%emt 0:02:52]} 15. Re1 {[%emt 0:00:41]} Qb2 {[%emt 0:10:37]} 16. Nc7+ {[%emt
0:00:48]} Kd7 {[%emt 0:00:14]} 17. Nxa8 {[%emt 0:00:06]} Nxa7 {[%emt 0:00:35]}
18. Qa4+ {[%emt 0:00:11]} Nc6 {[%emt 0:00:41]} 19. Nf3 {[%emt 0:00:33]} Bc5
{[%emt 0:03:14]} 20. Ne5+ {[%emt 0:00:15]} Ke7 {[%emt 0:00:05]} 21. Nxc6+
{[%emt 0:00:24]} bxc6 {[%emt 0:00:12]} 22. Qh4+ {[%emt 0:01:37]} Kd7 {[%emt
0:02:42]} 23. Reb1 {[%emt 0:00:39]} Bxf2+ {[%emt 0:03:29]} 24. Qxf2 {[%emt
0:00:09]} Qxf2+ {[%emt 0:00:06]} 25. Kxf2 {[%emt 0:00:03]} Rxa8 {[%emt
0:00:06]} 26. Rb7+ {[%emt 0:00:06]} Kd6 {[%emt 0:00:21]} 27. Rxf7 {[%emt
0:00:07]} Rg8 {[%emt 0:00:49]} 28. a4 {[%emt 0:00:11]} Kc5 {[%emt 0:00:43]} 29.
a5 {[%emt 0:00:12]} Kb5 {[%emt 0:00:17]} 30. a6 {[%emt 0:00:07]} h6 {[%emt
0:00:10]} 31. Rb7+ {[%emt 0:00:15]} Kc5 {[%emt 0:00:10]} 32. a7 {[%emt
0:00:09]} Rf8+ {[%emt 0:00:35]} 33. Ke2 {[%emt 0:00:11]} Ra8 {[%emt 0:00:51]}
34. Rb8 {[%emt 0:00:04]} Rxa7 {[%emt 0:00:08]} 35. Rxa7 {[%emt 0:00:05]} g5
{[%emt 0:00:08]} 36. Kd3 {[%emt 0:00:29]} e5 {[%emt 0:00:47]} 37. Ra5+ {[%emt
0:00:26]} Kd6 {[%emt 0:00:13]} 38. Rh8 {[%emt 0:00:12]} Ke6 {[%emt 0:01:25]}
39. Rxh6+ {[%emt 0:00:08]} Kf5 {[%emt 0:00:04]} 40. Rxc6 {[%emt 0:00:09]} d4
{[%emt 0:00:23]} 41. Rcc5 {[%emt 0:00:25]} Kf4 {[%emt 0:00:40]} 42. Rxe5 {[%emt
0:00:11]} g4 {[%emt 0:00:09]} 43. Rf5# 1-0

[Event "ODJM C 2023"]
[Site "Willingen GER"]
[Date "2023.05.30"]
[Round "4"]
[White "Eichmann, Phillip"]
[Black "Janssen, Julika"]
[Result "0-1"]
[Termination "normal"]
[Board "15"]
[WhiteElo "1103"]
[BlackElo "1286"]
[WhiteClock "00:53:07"]
[BlackClock "00:51:16"]
[PlyCount "102"]
[WhiteFideId "34625119"]
[BlackFideId "16287339"]
[EventCountry "GER"]
[EventRounds "9"]
[EventType "swiss"]
[EventDate "2023.05.27"]

1. d4 {[%clk 01:30:56]} {[%emt 00:00:04]} d5 {[%clk 01:30:43]} {[%emt
00:00:17]} 2. c4 {[%clk 01:31:21]} {[%emt 00:00:05]} c6 {[%clk 01:30:52]}
{[%emt 00:00:21]} 3. Nc3 {[%clk 01:31:33]} {[%emt 00:00:19]} Nf6 {[%clk
01:31:04]} {[%emt 00:00:18]} 4. Bf4 {[%clk 01:31:30]} {[%emt 00:00:32]} Bf5
{[%clk 01:31:02]} {[%emt 00:00:32]} 5. Nf3 {[%clk 01:30:05]} {[%emt 00:01:55]}
e6 {[%clk 01:30:49]} {[%emt 00:00:44]} 6. Qb3 {[%clk 01:30:15]} {[%emt
00:00:18]} Qc8 {[%clk 01:29:30]} {[%emt 00:01:48]} 7. e3 {[%clk 01:25:38]}
{[%emt 00:05:09]} Nbd7 {[%clk 01:28:53]} {[%emt 00:01:07]} 8. a4 {[%clk
01:24:16]} {[%emt 00:01:53]} Be7 {[%clk 01:27:16]} {[%emt 00:02:06]} 9. a5
{[%clk 01:23:45]} {[%emt 00:01:01]} a6 {[%clk 01:26:14]} {[%emt 00:01:32]} 10.
Be2 {[%clk 01:22:51]} {[%emt 00:01:23]} O-O {[%clk 01:25:44]} {[%emt 00:01:00]}
11. c5 {[%clk 01:22:40]} {[%emt 00:00:41]} h6 {[%clk 01:25:01]} {[%emt
00:01:13]} 12. O-O {[%clk 01:20:01]} {[%emt 00:03:09]} Ne4 {[%clk 01:24:00]}
{[%emt 00:01:31]} 13. h3 {[%clk 01:18:26]} {[%emt 00:01:58]} Ndf6 {[%clk
01:23:23]} {[%emt 00:01:14]} 14. Rfd1 {[%clk 01:18:08]} {[%emt 00:00:43]} Re8
{[%clk 01:21:40]} {[%emt 00:02:19]} 15. Ne5 {[%clk 01:18:03]} {[%emt 00:00:35]}
Nd7 {[%clk 01:18:14]} {[%emt 00:03:55]} 16. f3 {[%clk 01:17:41]} {[%emt
00:00:53]} Nxc3 {[%clk 01:17:39]} {[%emt 00:01:05]} 17. bxc3 {[%clk 01:17:56]}
{[%emt 00:00:15]} Nxe5 {[%clk 01:17:19]} {[%emt 00:00:51]} 18. Bxe5 {[%clk
01:17:39]} {[%emt 00:00:47]} Bd8 {[%clk 01:11:49]} {[%emt 00:06:00]} 19. c4
{[%clk 01:16:53]} {[%emt 00:01:16]} Bc7 {[%clk 01:11:43]} {[%emt 00:00:36]} 20.
f4 {[%clk 01:16:32]} {[%emt 00:00:51]} Bxe5 {[%clk 01:11:33]} {[%emt 00:00:41]}
21. fxe5 {[%clk 01:16:52]} {[%emt 00:00:09]} Rb8 {[%clk 01:11:49]} {[%emt
00:00:15]} 22. Qb6 {[%clk 01:14:14]} {[%emt 00:03:08]} Qd7 {[%clk 01:11:31]}
{[%emt 00:00:48]} 23. cxd5 {[%clk 01:12:43]} {[%emt 00:02:00]} exd5 {[%clk
01:11:03]} {[%emt 00:00:58]} 24. Bd3 {[%clk 01:12:51]} {[%emt 00:00:22]} Bxd3
{[%clk 01:10:58]} {[%emt 00:00:35]} 25. Rxd3 {[%clk 01:13:12]} {[%emt
00:00:09]} Qf5 {[%clk 01:11:06]} {[%emt 00:00:22]} 26. Rdd1 {[%clk 01:12:52]}
{[%emt 00:00:49]} Qe4 {[%clk 01:08:37]} {[%emt 00:02:59]} 27. Re1 {[%clk
01:12:13]} {[%emt 00:01:10]} Kh7 {[%clk 01:08:00]} {[%emt 00:01:07]} 28. Qc7
{[%clk 01:11:48]} {[%emt 00:00:55]} Rf8 {[%clk 01:07:44]} {[%emt 00:00:46]} 29.
Ra2 {[%clk 01:10:04]} {[%emt 00:02:12]} Qh4 {[%clk 01:04:28]} {[%emt 00:03:47]}
30. Rf1 {[%clk 01:09:21]} {[%emt 00:01:12]} Qg3 {[%clk 01:02:48]} {[%emt
00:02:10]} 31. Re2 {[%clk 01:07:54]} {[%emt 00:01:58]} Qg6 {[%clk 01:02:15]}
{[%emt 00:01:01]} 32. Rb2 {[%clk 01:06:29]} {[%emt 00:01:58]} Qd3 {[%clk
01:00:17]} {[%emt 00:02:25]} 33. Re1 {[%clk 01:05:44]} {[%emt 00:01:09]} Qc3
{[%clk 01:00:21]} {[%emt 00:00:36]} 34. Rbb1 {[%clk 01:05:54]} {[%emt
00:00:15]} Rbc8 {[%clk 00:59:54]} {[%emt 00:01:03]} 35. Qxb7 {[%clk 01:06:09]}
{[%emt 00:00:15]} Qxa5 {[%clk 01:00:03]} {[%emt 00:00:22]} 36. Ra1 {[%clk
01:06:28]} {[%emt 00:00:11]} Qc3 {[%clk 00:58:57]} {[%emt 00:01:31]} 37. Kf2
{[%clk 01:03:59]} {[%emt 00:03:02]} Rb8 {[%emt 00:04:42]} 38. Qxa6 {[%clk
01:00:04]} {[%emt 00:00:58]} Rb2+ {[%clk 00:58:22]} {[%emt 00:00:20]} 39. Re2
{[%clk 00:58:19]} {[%emt 00:02:16]} Rxe2+ {[%clk 00:58:17]} {[%emt 00:00:36]}
40. Kxe2 {[%clk 00:58:42]} {[%emt 00:00:07]} Rb8 {[%clk 00:58:16]} {[%emt
00:00:20]} 41. Ra2 {[%clk 00:58:13]} {[%emt 00:01:11]} Qc1 {[%clk 00:56:49]}
{[%emt 00:01:50]} 42. Qd3+ {[%clk 00:56:45]} {[%emt 00:02:05]} g6 {[%clk
00:56:33]} {[%emt 00:00:47]} 43. Rc2 {[%clk 00:56:20]} {[%emt 00:00:52]} Qg1
{[%clk 00:56:29]} {[%emt 00:00:33]} 44. Kf3 {[%clk 00:56:30]} {[%emt 00:00:18]}
Qe1 {[%clk 00:52:52]} {[%emt 00:04:12]} 45. Qa6 {[%clk 00:54:05]} {[%emt
00:02:53]} Rb1 {[%clk 00:51:02]} {[%emt 00:02:14]} 46. Qxc6 {[%clk 00:53:24]}
{[%emt 00:01:19]} Qd1+ {[%clk 00:50:41]} {[%emt 00:00:51]} 47. Re2 {[%clk
00:53:39]} {[%emt 00:00:15]} Rb2 {[%clk 00:51:02]} {[%emt 00:00:09]} 48. Qa6
{[%clk 00:53:27]} {[%emt 00:00:38]} Qf1+ {[%clk 00:51:18]} {[%emt 00:00:17]}
49. Kg3 {[%clk 00:53:20]} {[%emt 00:00:36]} Rxe2 {[%clk 00:51:38]} {[%emt
00:00:12]} 50. Kh4 {[%clk 00:52:49]} {[%emt 00:01:00]} Qf2+ {[%clk 00:51:31]}
{[%emt 00:00:36]} 51. g3 {[%clk 00:53:07]} {[%emt 00:00:14]} Qf5 {[%clk
00:51:16]} {[%emt 00:00:38]} 0-1

[Event "ODJM C 2023"]
[Site "Willingen GER"]
[Date "2023.05.30"]
[Round "4"]
[White "Schäfer, Amadeus"]
[Black "Reh, Krispin"]
[Result "1-0"]
[Termination "normal"]
[Board "16"]
[WhiteElo "1274"]
[BlackElo "1083"]
[WhiteClock "00:23:14"]
[BlackClock "00:11:44"]
[PlyCount "119"]
[WhiteFideId "34660585"]
[BlackFideId "16299205"]
[EventCountry "GER"]
[EventRounds "9"]
[EventType "swiss"]
[EventDate "2023.05.27"]

1. d4 {[%clk 01:30:59]} c6 {[%clk 01:30:55]} {[%emt 00:00:06]} 2. c4 {[%clk
01:31:22]} {[%emt 00:00:07]} d5 {[%clk 01:31:19]} {[%emt 00:00:05]} 3. cxd5
{[%clk 01:31:34]} {[%emt 00:00:19]} cxd5 {[%clk 01:31:42]} {[%emt 00:00:07]} 4.
Nc3 {[%clk 01:31:54]} {[%emt 00:00:10]} Nf6 {[%clk 01:32:01]} {[%emt 00:00:11]}
5. Bf4 {[%clk 01:31:50]} {[%emt 00:00:34]} Bf5 {[%clk 01:32:20]} {[%emt
00:00:11]} 6. e3 {[%clk 01:31:41]} {[%emt 00:00:40]} a6 {[%clk 01:32:33]}
{[%emt 00:00:16]} 7. Nf3 {[%clk 01:31:50]} {[%emt 00:00:21]} e6 {[%clk
01:32:45]} {[%emt 00:00:18]} 8. Qb3 {[%clk 01:31:10]} {[%emt 00:01:10]} Qd7
{[%clk 01:31:32]} {[%emt 00:01:42]} 9. Na4 {[%clk 01:23:12]} {[%emt 00:08:30]}
Qd8 {[%clk 01:15:13]} {[%emt 00:16:48]} 10. Nb6 {[%emt 00:17:31]} Ra7 {[%clk
01:12:27]} {[%emt 00:03:13]} 11. Bxb8 {[%clk 01:01:23]} {[%emt 00:05:21]} Qxb8
{[%clk 01:10:21]} {[%emt 00:02:36]} 12. Rc1 {[%clk 01:00:28]} {[%emt 00:01:24]}
Qd6 {[%clk 01:04:58]} {[%emt 00:05:54]} 13. a3 {[%clk 00:52:27]} {[%emt
00:08:32]} Be7 {[%clk 00:57:00]} {[%emt 00:08:27]} 14. Nc8 {[%clk 00:50:12]}
{[%emt 00:02:45]} Qb8 {[%clk 00:54:31]} {[%emt 00:02:59]} 15. Nxa7 {[%clk
00:49:49]} {[%emt 00:00:53]} Qxa7 {[%clk 00:54:48]} {[%emt 00:00:13]} 16. Be2
{[%clk 00:49:16]} {[%emt 00:01:02]} O-O {[%clk 00:55:04]} {[%emt 00:00:15]} 17.
O-O {[%clk 00:46:19]} {[%emt 00:03:27]} Bd6 {[%clk 00:54:22]} {[%emt 00:01:11]}
18. Nd2 {[%clk 00:44:09]} {[%emt 00:02:40]} Qb8 {[%clk 00:50:00]} {[%emt
00:04:53]} 19. g3 {[%clk 00:43:41]} {[%emt 00:00:58]} Ne4 {[%clk 00:44:21]}
{[%emt 00:06:08]} 20. Nxe4 {[%clk 00:43:04]} {[%emt 00:01:08]} Bxe4 {[%clk
00:44:41]} {[%emt 00:00:09]} 21. Rfe1 {[%clk 00:42:19]} {[%emt 00:01:14]} g6
{[%clk 00:35:15]} {[%emt 00:09:57]} 22. Bf1 {[%clk 00:41:36]} {[%emt 00:01:11]}
h5 {[%clk 00:32:17]} {[%emt 00:03:30]} 23. Bg2 {[%clk 00:40:25]} {[%emt
00:01:40]} h4 {[%clk 00:28:54]} {[%emt 00:03:53]} 24. Bxe4 {[%clk 00:39:10]}
{[%emt 00:01:44]} dxe4 {[%clk 00:24:56]} {[%emt 00:04:30]} 25. Kg2 {[%clk
00:39:10]} {[%emt 00:00:30]} g5 {[%clk 00:24:50]} {[%emt 00:00:36]} 26. Qd1
{[%clk 00:38:23]} {[%emt 00:01:17]} Kg7 {[%clk 00:20:55]} {[%emt 00:04:24]} 27.
Qg4 {[%clk 00:36:30]} {[%emt 00:02:21]} Kh6 {[%clk 00:18:12]} {[%emt 00:03:16]}
28. Qxe4 {[%clk 00:35:21]} {[%emt 00:01:39]} Re8 {[%clk 00:17:43]} {[%emt
00:01:00]} 29. Qf3 {[%clk 00:32:05]} {[%emt 00:03:43]} f5 {[%clk 00:17:40]}
{[%emt 00:00:35]} 30. h3 {[%clk 00:26:22]} {[%emt 00:06:12]} hxg3 {[%clk
00:16:10]} {[%emt 00:02:00]} 31. fxg3 {[%clk 00:26:27]} {[%emt 00:00:24]} Rg8
{[%clk 00:16:22]} {[%emt 00:00:20]} 32. g4 {[%clk 00:24:22]} {[%emt 00:02:33]}
f4 {[%clk 00:16:12]} {[%emt 00:00:41]} 33. e4 {[%clk 00:24:28]} {[%emt
00:00:24]} Rf8 {[%clk 00:16:12]} {[%emt 00:00:30]} 34. e5 {[%clk 00:24:26]}
{[%emt 00:00:33]} Bc7 {[%clk 00:15:23]} {[%emt 00:01:19]} 35. Rf1 {[%clk
00:23:08]} {[%emt 00:01:48]} Bb6 {[%clk 00:15:06]} {[%emt 00:00:47]} 36. Qe4
{[%clk 00:21:43]} {[%emt 00:01:54]} Qd8 {[%clk 00:13:38]} {[%emt 00:01:59]} 37.
Rcd1 {[%clk 00:21:27]} {[%emt 00:00:46]} Qd7 {[%clk 00:12:05]} {[%emt
00:02:01]} 38. d5 {[%clk 00:20:55]} {[%emt 00:01:03]} Qb5 {[%clk 00:09:45]}
{[%emt 00:02:50]} 39. b4 {[%clk 00:20:13]} {[%emt 00:01:13]} exd5 {[%clk
00:08:31]} {[%emt 00:01:44]} 40. Rxd5 {[%clk 00:19:53]} f3+ {[%clk 00:08:30]}
{[%emt 00:01:21]} 41. Rxf3 {[%clk 00:16:57]} {[%emt 00:03:25]} Qe8 {[%clk
00:05:40]} {[%emt 00:03:22]} 42. Rxf8 {[%clk 00:17:03]} {[%emt 00:00:23]} Qxf8
{[%clk 00:06:03]} {[%emt 00:00:08]} 43. Rd6+ {[%clk 00:17:19]} {[%emt
00:00:14]} Kg7 {[%clk 00:06:05]} {[%emt 00:00:27]} 44. Qg6+ {[%clk 00:17:28]}
{[%emt 00:00:20]} Kh8 {[%clk 00:06:18]} {[%emt 00:00:19]} 45. Qh6+ {[%clk
00:17:36]} {[%emt 00:00:20]} Qxh6 {[%clk 00:06:36]} {[%emt 00:00:13]} 46. Rxh6+
{[%clk 00:17:59]} {[%emt 00:00:07]} Kg7 {[%clk 00:07:01]} {[%emt 00:00:06]} 47.
Rxb6 {[%clk 00:18:24]} {[%emt 00:00:05]} Kf7 {[%clk 00:07:16]} {[%emt
00:00:15]} 48. Kg3 {[%clk 00:18:45]} {[%emt 00:00:09]} a5 {[%clk 00:07:36]}
{[%emt 00:00:10]} 49. bxa5 {[%clk 00:19:08]} {[%emt 00:00:08]} Ke7 {[%clk
00:07:56]} {[%emt 00:00:10]} 50. h4 {[%clk 00:19:29]} {[%emt 00:00:09]} Kf7
{[%clk 00:08:13]} {[%emt 00:00:13]} 51. a6 {[%clk 00:19:52]} {[%emt 00:00:06]}
bxa6 {[%clk 00:08:38]} {[%emt 00:00:05]} 52. Rxa6 {[%emt 00:00:03]} gxh4+
{[%clk 00:08:55]} {[%emt 00:00:11]} 53. Kxh4 {[%clk 00:20:46]} {[%emt
00:00:05]} Kg7 {[%clk 00:09:19]} {[%emt 00:00:06]} 54. Rb6 {[%clk 00:21:11]}
{[%emt 00:00:05]} Kf7 {[%clk 00:09:42]} {[%emt 00:00:07]} 55. a4 {[%clk
00:21:36]} {[%emt 00:00:05]} Kg7 {[%clk 00:10:06]} {[%emt 00:00:06]} 56. a5
{[%clk 00:22:02]} {[%emt 00:00:05]} Kf7 {[%clk 00:10:31]} {[%emt 00:00:05]} 57.
a6 {[%clk 00:22:26]} {[%emt 00:00:05]} Ke7 {[%clk 00:10:54]} {[%emt 00:00:07]}
58. a7 {[%clk 00:22:51]} {[%emt 00:00:05]} Kd7 {[%clk 00:11:19]} {[%emt
00:00:04]} 59. a8=Q {[%clk 00:23:02]} {[%emt 00:00:18]} Kc7 {[%clk 00:11:44]}
{[%emt 00:00:06]} 60. Qa7+ {[%clk 00:23:14]} {[%emt 00:00:17]} 1-0